000 00561nam a2200181Ia 4500
005 20260429112233.0
008 260429s9999||||xx |||||||||||||| ||und||
020 _a9788119996308
041 _aHindi
082 _a891.43
_bPRA
100 _aप्रसाद, राजेंद्र
245 0 _aआत्मकथा /
_cराजेंद्र प्रसाद
250 _a1st ed.
260 _aदिल्ली :
_bलोकभारती प्रकाशन,
_c2024.
300 _a631 p.; Hb
650 _aAutobiography 
942 _cTB
999 _c53049
_d53049